Citopatología de la mama /

Detalles Bibliográficos
Autores principales: Santamaría Martínez, Mercedes (Autor), Rodríguez Costa, Julio (Autor), Agustín Vázquez, Domingo de (Autor)
Formato: Electrónico eBook
Lenguaje:español
Publicado: [Madrid, España] : Díaz de Santos, 2010.
Colección:Cuadernos de citopatología ; 7.
Materias:
Acceso en línea:Digitalia Hispánica

MARC

LEADER 00000nam a2200000 i 4500
001 DIGDISANT0275
003 NyNyDIG
006 m o d
007 cr |||||||||||
008 240301s2010 sp a ob 001 0 spa d
035 |a (OCoLC)1346364830 
040 |a DGITA  |b eng  |e rda  |e pn  |c DGITA 
020 |a 9788499690162  |q (libro electrónico) 
020 |z 9788479789633  |q (libro en papel) 
050 1 4 |a RC280.B8 ebook 
100 1 |a Santamaría Martínez, Mercedes,  |e author. 
245 1 0 |a Citopatología de la mama /  |c Mercedes Santamaría Martínez, Julio Rodríguez Costa, Domingo de Agustín Vázquez. 
264 1 |a [Madrid, España] :  |b Díaz de Santos,  |c 2010. 
300 |a 1 online resource :  |b illustrations. 
336 |a text  |b txt  |2 rdacontent 
337 |a computer file  |b c  |2 rdamedia 
338 |a online resource  |b cr  |2 rdacarrier 
347 |a text file  |2 rdaft 
347 |b PDF 
490 1 |a Cuadernos de citopatología ;  |v 7 
504 |a Includes bibliographical references and index. 
588 0 |a Online resource; title from PDF title page (Digitalia, viewed March 1, 2024) 
650 0 |a Breast  |x Cancer  |x Cytopathology. 
650 0 |a Breast  |x Needle biopsy. 
700 1 |a Rodríguez Costa, Julio,  |e author. 
700 1 |a Agustín Vázquez, Domingo de,  |e author. 
776 0 8 |i Print version:  |a Santamaría Martínez, Mercedes.  |t Citopatología de la mama.  |d [Madrid, España] : Díaz de Santos, 2010  |z 9788479789633 
791 2 |a Digitalia (Firm),  |e distributor. 
793 0 |g Digitalia eBook Collection:  |a Díaz de Santos 
830 0 |a Cuadernos de citopatología ;  |v 7. 
856 4 0 |3 Digitalia Hispánica  |u https://www.digitaliapublishing.com/a/136242/ 
910 |a Premium collection: 2024